|
|
|
|
| LEADER |
01186nam a2200289 4500 |
| 001 |
41764 |
| 003 |
BD-DhAAL |
| 008 |
230926t1974 nyu 101 0 eng d |
| 010 |
|
|
|a 74004537
|
| 020 |
|
|
|a 0030884071
|
| 040 |
|
|
|a DLC
|c DLC
|d DLC
|d BD-DhAAL
|
| 050 |
0 |
0 |
|a LB1027
|b .S36624
|
| 082 |
0 |
0 |
|a 371.102
|
| 245 |
0 |
0 |
|a Schools, society, and mastery learning /
|c edited by James H. Block.
|
| 260 |
|
|
|a New York :
|b Holt, Rinehart and Winston,
|c c1974.
|
| 300 |
|
|
|a viii, 148 pages ;
|c 23 cm.
|
| 500 |
|
|
|a "Based on papers presented at the Society, Schools, and Mastery Learning Symposium of the 1973 American Educational Research Association Convention."
|
| 526 |
|
|
|a BIED
|
| 541 |
|
|
|a Complimentary copy from BIED
|e 41764
|
| 650 |
|
0 |
|a Teaching.
|
| 650 |
|
0 |
|a Academic achievement.
|
| 650 |
|
0 |
|a Motivation in education.
|
| 700 |
1 |
|
|a Block, James H.,
|e editor.
|9 45781
|
| 852 |
|
|
|a Ayesha Abed Library
|c BIED Collection
|
| 942 |
|
|
|2 ddc
|c BK
|
| 999 |
|
|
|c 46172
|d 46172
|
| 952 |
|
|
|0 0
|1 0
|2 ddc
|4 0
|6 371_102000000000000_SCH
|7 0
|9 74458
|a BRACUL
|b BRACUL
|c GEN
|d 2023-09-26
|e Complimentary copy from BIED
|l 0
|o 371.102 SCH
|p 3010041764
|r 2023-09-26
|t 1
|w 2023-09-26
|y BK
|x Transferred from BIED to General Stacks
|